00329nam a2200145Ia 45000030006000000080041000060400015000471000020000622450044000822500006001262600016001323000006001485460012001540050017001660STCL150530s9999 xx 000 0 und d aSTCLcSTCL aSherlock Holmes aSherlock Holmes: Selected Short Stories a1 c2010aNoida a0 aEnglish20220125171019.0